Geography Quiz

Random Geography or State Quiz

Most Forgotten U.S. States Quiz Stats

Quiz not verified by Sporcle

Challenge
Share
Tweet
Embed
Score 0/10 Timer 02:00
0 Plays Today
Rank State % Correct
4Wyoming
86.7%
2Nebraska
79%
8Delaware
78.1%
10Idaho
77.1%
3Montana
76.2%
1Utah
72.4%
7New Hampshire
72.4%
5New Mexico
60%
6Kentucky
58.1%
9Mississippi
54.3%

You're not logged in!

Compare scores with friends on all Sporcle quizzes.
Sign Up with Email
OR
Log In

You Might Also Like...

Show Comments

Extras

Top Quizzes Today


Score Distribution

Your Account Isn't Verified!

In order to create a playlist on Sporcle, you need to verify the email address you used during registration. Go to your Sporcle Settings to finish the process.